000 nam a22 7a 4500
999 _c9067
_d9067
008 180122b ||||| |||| 00| 0 eng d
100 _aSarin S
_92306
245 _aTotal solution with maths
260 _aNew Delhi
_bAngel Inc.
_c2008